00739nam a2200205 i 450000100060000000300090000600500170001500700030003200800410003510000500007624500700012625000140019626000510021030000220026149000410028383000490032485200220037399900170039595201210041234311ES-MaACL20250712032635.0t|030204s1957 sp ||||1| spa d1 aBlasco Ibáñez, Vicente,d1867-192892938810aSónnica, la cortesana b: novela / cVicente Blasco Ibáñez. aNueva ed. aBarcelona : bPlaneta, c1957 (fImp. Ecumene) a328 p. ; c19 cm.1 aAutores españoles contemporáneos1 aAutores españoles contemporáneos9180811 aES-MaACLjC-14430 c34311d34311 00104070aATENEOMbATENEOMcFICHd2008-01-17eSCl0oC-14430p1035786r2023-02-23 00:00:00w2023-02-23yMONOGRAFIA